[Event "30. Staufer-Open (A)"]
[Site "?"]
[Date "2018.01.02"]
[Round "2"]
[White "Metz, Hartmut"]
[Black "Plat, Vojtech"]
[Result "0-1"]
[WhiteElo "2281"]
[BlackElo "2569"]
[PlyCount "134"]
[EventDate "2018.??.??"]
[WhiteTeam "SG Rochade Kuppenheim 1979 e.V."]
[BlackTeam "SC Weiler im Allgäu e. V."]

1. e4 d6 2. d4 Nf6 3. Nc3 e5 4. dxe5 dxe5 5. Qxd8+ Kxd8 6. Bg5 Be6 7. O-O-O+
Nbd7 8. g3 Kc8 9. f4 h6 10. Bxf6 Nxf6 11. Nf3 Ng4 12. f5 Bd7 13. Bc4 Be8 14.
Rhe1 Bd6 15. Bb5 a6 16. Bxe8 Rxe8 17. Re2 Bc5 18. h3 Nf6 19. Rd3 c6 20. g4 Kc7
21. Nb1 g6 22. fxg6 fxg6 23. Nh4 Rg8 24. Nd2 Nd7 25. Ndf3 Rae8 26. c3 a5 27. a4
Ba7 28. Kc2 Nc5 29. Rd1 Rgf8 30. Nd2 Re6 31. b3 Rd8 32. Rf1 b5 33. axb5 cxb5
34. Rf7+ Kb8 35. Rg7 g5 36. Nf5 Nd3 37. Rh7 Nf4 38. Rh2 Rc8 39. Rxh6 Rxh6 40.
Nxh6 a4 41. bxa4 Bg1 42. Rh1 Bd4 43. c4 bxa4 44. Nf5 Bc5 45. Nf3 Kc7 46. Nxg5
a3 47. Nf3 Rb8 48. Rb1 Rd8 49. Nxe5 Bf8 50. g5 Re8 51. Nd3 Rxe4 52. Nxf4 Rxc4+
53. Kd3 Rxf4 54. Nd4 Kd7 55. Rb7+ Kc8 56. Ra7 Bc5 57. Ra5 Rxd4+ 58. Kc2 Bb4 59.
Ra4 Rd2+ 60. Kb3 Rb2+ 61. Kc4 a2 62. h4 Bf8 63. Kd3 Bg7 64. h5 Rg2 65. h6 a1=Q
66. Rxa1 Bxa1 67. h7 Bh8 0-1

[Event "30. Staufer-Open (A)"]
[Site "?"]
[Date "2018.01.02"]
[Round "2"]
[White "Kunin, Vitaly"]
[Black "Henrich, Thomas"]
[Result "1-0"]
[WhiteElo "2556"]
[BlackElo "2240"]
[PlyCount "49"]
[EventDate "2018.??.??"]
[WhiteTeam "Freibauer Mörlenbach-Birkenau"]
[BlackTeam "SK Marburg 1931/72"]

1. d4 Nf6 2. c4 g6 3. Nc3 Bg7 4. e4 d6 5. Be2 O-O 6. Bg5 c5 7. d5 Qa5 8. Bd2 a6
9. Nf3 Qc7 10. O-O Bg4 11. Ne1 Bxe2 12. Qxe2 e5 13. a4 Nbd7 14. a5 b6 15. axb6
Qxb6 16. Nd3 Rfb8 17. Na4 Qd8 18. b4 Bf8 19. bxc5 dxc5 20. f4 exf4 21. e5 Nh5
22. Nxf4 Nxf4 23. Bxf4 Qe7 24. e6 Re8 25. Bd6 1-0

[Event "30. Staufer-Open (A)"]
[Site "?"]
[Date "2018.01.02"]
[Round "2"]
[White "Kersten, Uwe"]
[Black "Vorobiov, Evgeny E"]
[Result "1/2-1/2"]
[WhiteElo "2247"]
[BlackElo "2547"]
[PlyCount "52"]
[EventDate "2018.??.??"]
[WhiteTeam "Kasseler SK 1876"]
[BlackTeam "SF 90 Spraitbach e.V."]

1. e4 c5 2. Nf3 g6 3. d4 cxd4 4. Nxd4 Bg7 5. c4 Nc6 6. Be3 Nf6 7. Nc3 O-O 8.
Be2 d6 9. O-O Bd7 10. Qd2 Nxd4 11. Bxd4 Bc6 12. f3 a5 13. b3 Nd7 14. Bf2 Nc5
15. Rab1 e6 16. Rfc1 Be5 17. Bd1 Qf6 18. Be3 Qh4 19. g3 Qh3 20. a3 f5 21. b4
axb4 22. axb4 Na4 23. Nxa4 Bxa4 24. Bxa4 Rxa4 25. f4 Bg7 26. c5 dxc5 1/2-1/2

[Event "30. Staufer-Open (A)"]
[Site "?"]
[Date "2018.01.02"]
[Round "2"]
[White "Hoffmann, Hendrik"]
[Black "Burmakin, Vladimir"]
[Result "1/2-1/2"]
[WhiteElo "2232"]
[BlackElo "2526"]
[PlyCount "44"]
[EventDate "2018.??.??"]
[WhiteTeam "Schachgemeinschaft Leipzig"]
[BlackTeam "SF 90 Spraitbach e.V."]

1. e4 g6 2. d4 c6 3. c4 Bg7 4. Nc3 d6 5. Nf3 Bg4 6. Be2 Bxf3 7. Bxf3 Qb6 8. d5
Nd7 9. O-O Ngf6 10. Rb1 O-O 11. b4 Qc7 12. Qb3 Rfe8 13. dxc6 bxc6 14. Bf4 Rab8
15. Rfc1 Nc5 16. Qd1 Ne6 17. Be3 Nd7 18. Bg4 Ne5 19. Nd5 Qb7 20. Bxe6 fxe6 21.
Nf4 Kf7 22. Nd3 Nxd3 1/2-1/2

[Event "30. Staufer-Open (A)"]
[Site "?"]
[Date "2018.01.02"]
[Round "2"]
[White "Kantor, Gergely"]
[Black "Hildenbrand, Peter"]
[Result "1-0"]
[WhiteElo "2518"]
[BlackElo "2232"]
[PlyCount "87"]
[EventDate "2018.??.??"]
[BlackTeam "SC Leimen"]

1. d4 d5 2. c4 e6 3. Nf3 Nf6 4. g3 Bb4+ 5. Nbd2 dxc4 6. a3 Bxd2+ 7. Bxd2 b5 8.
a4 c6 9. b3 cxb3 10. Qxb3 a6 11. Bg2 Bb7 12. O-O O-O 13. Rfd1 Nbd7 14. Rac1 Rc8
15. Ne5 Nb8 16. Bb4 Re8 17. a5 Nd5 18. Bc5 Qxa5 19. Qf3 f6 20. Nd3 Qd8 21. e4
Nc7 22. Bh3 Nd7 23. Bd6 Nb6 24. e5 Na4 25. Nf4 f5 26. g4 Qg5 27. Qg3 g6 28. Nd3
fxg4 29. f4 Qh6 30. Bxg4 Nd5 31. h4 Kh8 32. Rf1 a5 33. Qh3 Rcd8 34. Rf2 Ba8 35.
Bxe6 g5 36. Bxd5 cxd5 37. fxg5 Qg6 38. Rc7 Qe4 39. Rf4 Qg6 40. Rff7 Rc8 41.
Rxh7+ Qxh7 42. Rxh7+ Kxh7 43. Qd7+ Kg6 44. Nf4# 1-0

[Event "30. Staufer-Open (A)"]
[Site "?"]
[Date "2018.01.02"]
[Round "2"]
[White "Hecht, Carsten"]
[Black "Lampert, Jonas"]
[Result "0-1"]
[WhiteElo "2232"]
[BlackElo "2518"]
[PlyCount "52"]
[EventDate "2018.??.??"]
[WhiteTeam "LSV Turm Lippstadt"]
[BlackTeam "Hamburger SK von 1830 eV"]

1. e4 e5 2. Nf3 Nc6 3. Bb5 a6 4. Ba4 Nf6 5. O-O Bc5 6. d3 b5 7. Bb3 d6 8. a4 b4
9. c3 h6 10. h3 O-O 11. Nbd2 Re8 12. Re1 Be6 13. Nc4 bxc3 14. bxc3 Rb8 15. a5
Na7 16. Ba4 Bd7 17. Be3 Bxe3 18. Nxe3 d5 19. exd5 Nxd5 20. Nxd5 Bxa4 21. Rxa4
Qxd5 22. Rae4 Qxa5 23. Nxe5 Qxc3 24. Qh5 Re7 25. Nxf7 Rxf7 26. Re8+ Rf8 0-1

[Event "30. Staufer-Open (A)"]
[Site "?"]
[Date "2018.01.02"]
[Round "2"]
[White "Chudinovskikh, Alexander M"]
[Black "Noe, Christopher"]
[Result "0-1"]
[WhiteElo "2225"]
[BlackElo "2474"]
[PlyCount "62"]
[EventDate "2018.??.??"]
[BlackTeam "SC Eppingen"]

1. d4 Nf6 2. Nf3 e6 3. Bg5 h6 4. Bxf6 Qxf6 5. e4 d6 6. Nc3 Qd8 7. Bd3 Be7 8.
Qe2 a6 9. O-O O-O 10. Rad1 Nd7 11. Rfe1 c5 12. d5 Bf6 13. dxe6 fxe6 14. Bc4 Ne5
15. Nxe5 Bxe5 16. a4 Bd7 17. Rf1 Qe7 18. g3 Bxc3 19. bxc3 Bxa4 20. Rd3 Be8 21.
Rfd1 b5 22. Ba2 c4 23. Rxd6 e5 24. Qg4 Rf6 25. Rxf6 Qxf6 26. Kg2 Bc6 27. f3 Rf8
28. Rd2 h5 29. Qxh5 Bxe4 30. Rf2 Bc6 31. h4 e4 0-1

[Event "30. Staufer-Open (A)"]
[Site "?"]
[Date "2018.01.02"]
[Round "2"]
[White "Kjartansson, Gudmundur"]
[Black "Schulze, Andreas"]
[Result "1-0"]
[WhiteElo "2438"]
[BlackElo "2214"]
[PlyCount "61"]
[EventDate "2018.??.??"]
[BlackTeam "TG Biberach"]

1. Nf3 d5 2. g3 g6 3. c4 dxc4 4. Na3 Bg7 5. Nxc4 Nc6 6. Bg2 e5 7. d3 Nge7 8.
Rb1 O-O 9. O-O Nf5 10. b4 a6 11. a3 Re8 12. Bb2 Nfd4 13. e3 Nxf3+ 14. Bxf3 Bf5
15. Bxc6 bxc6 16. e4 Bh3 17. Re1 Qd7 18. Qe2 Rab8 19. Rbc1 Qe6 20. Na5 Rb6 21.
Rc2 Bh6 22. Bc1 Bxc1 23. Rexc1 Qd7 24. Nxc6 Re6 25. Na5 c6 26. Qe3 Qc7 27. Qh6
Bg4 28. h3 g5 29. Qxg5+ Rg6 30. Rxc6 Qd7 31. Rc8+ 1-0

[Event "30. Staufer-Open (A)"]
[Site "?"]
[Date "2018.01.02"]
[Round "2"]
[White "Küppers, Timo"]
[Black "Miezis, Normunds"]
[Result "0-1"]
[WhiteElo "2225"]
[BlackElo "2434"]
[PlyCount "144"]
[EventDate "2018.??.??"]
[WhiteTeam "Schachfreunde Essen-Katernberg 0"]
[BlackTeam "SC Emmendingen 1937 e.V."]

1. c4 c5 2. g3 Nc6 3. Bg2 g6 4. Nc3 Bg7 5. a3 d6 6. Rb1 a5 7. e3 e5 8. Nge2
Nge7 9. O-O O-O 10. b3 Rb8 11. Bb2 Be6 12. Nd5 b5 13. d3 Qd7 14. Qd2 b4 15.
Nxe7+ Nxe7 16. axb4 axb4 17. d4 Qc8 18. Rfd1 Re8 19. Ra1 Bg4 20. dxe5 dxe5 21.
Qc2 Rd8 22. Rxd8+ Qxd8 23. Rd1 Qc8 24. Rd2 h5 25. Nc1 h4 26. Nd3 h3 27. Bh1 Qc7
28. Qc1 Re8 29. Qc2 Kh7 30. Ne1 Rd8 31. Nf3 f6 32. Rxd8 Qxd8 33. Qd2 Qc8 34.
Qd6 Nf5 35. Qd3 Qa6 36. Nd2 Nd6 37. Bd5 f5 38. Qb1 Qa7 39. f3 Bh5 40. Qa1 Qe7
41. Qa8 Ne8 42. Kf2 Nf6 43. Qb8 e4 44. Bxf6 Qxf6 45. Bg8+ Kh6 46. fxe4 g5 47.
e5 Qxe5 48. Qxe5 Bxe5 49. Nf3 Bc3 50. Bd5 Kg6 51. Bc6 Kf6 52. Bd5 Bb2 53. Bg8
Bc1 54. Bd5 f4 55. gxf4 gxf4 56. exf4 Bxf4 57. Be4 Bg4 58. Bc2 Bf5 59. Bd1 Bb1
60. Ng1 Kf5 61. Nxh3 Bxh2 62. Ke3 Ke5 63. Kd2 Bf5 64. Nf2 Bf4+ 65. Ke2 Kd4 66.
Kf3 Be3 67. Ng4 Bxg4+ 68. Kxg4 Kd3 69. Kf5 Bd4 70. Bf3 Kc2 71. Ke4 Kxb3 72. Kd3
Ka2 0-1

[Event "30. Staufer-Open (A)"]
[Site "?"]
[Date "2018.01.02"]
[Round "2"]
[White "Krassowizkij, Jaroslaw"]
[Black "Degenhard, Simon"]
[Result "1-0"]
[WhiteElo "2433"]
[BlackElo "2195"]
[PlyCount "125"]
[EventDate "2018.??.??"]
[WhiteTeam "SV Jedesheim 1921"]
[BlackTeam "Heilbronner SV"]

1. c4 c5 2. Nf3 Nf6 3. Nc3 g6 4. d4 cxd4 5. Nxd4 Bg7 6. e4 Nc6 7. Be3 d6 8. Be2
Bd7 9. O-O O-O 10. f3 Nxd4 11. Bxd4 a5 12. b3 Bc6 13. Qd2 Nd7 14. Be3 Nc5 15.
Rab1 Qb6 16. Nb5 Bxb5 17. cxb5 Rfc8 18. Bc4 Qd8 19. Rfd1 a4 20. Qd5 e6 21. Qxd6
Qxd6 22. Rxd6 axb3 23. axb3 Be5 24. Rd2 Kf8 25. Rc2 b6 26. Rbc1 Nd7 27. Rd1 Ke7
28. f4 Ra1 29. Rxa1 Bxa1 30. Ra2 Bc3 31. Ra7 Rb8 32. f5 Be5 33. fxe6 fxe6 34.
Bc1 Bd4+ 35. Kf1 Rf8+ 36. Ke1 Kd6 37. Bg5 Rf7 38. g3 Ne5 39. Rxf7 Nxf7 40. Bf4+
e5 41. Bd2 Ke7 42. Bb4+ Ke8 43. Ke2 Ng5 44. Bd5 Kd7 45. Bg8 Bg1 46. Kf1 Be3 47.
Kg2 h6 48. Bd5 h5 49. Kf1 Ne6 50. Ke2 Bg1 51. Bxe6+ Kxe6 52. Kf3 g5 53. h3 Bd4
54. Bd2 Kf6 55. g4 h4 56. Bb4 Ke6 57. Ke2 Bg1 58. Bd2 Kf6 59. Kd3 Bf2 60. Kc4
Bg1 61. Kd5 Bd4 62. Bb4 Kf7 63. Bd6 1-0

[Event "30. Staufer-Open (A)"]
[Site "?"]
[Date "2018.01.02"]
[Round "2"]
[White "Neukirchner, Pascal"]
[Black "Velicka, Petr"]
[Result "1-0"]
[WhiteElo "2198"]
[BlackElo "2429"]
[PlyCount "79"]
[EventDate "2018.??.??"]
[WhiteTeam "SK Gründau"]
[BlackTeam "SG Schwäbisch Gmünd 1872 e.V"]

1. d4 d5 2. c4 c6 3. Nf3 Nf6 4. e3 Bg4 5. h3 Bxf3 6. Qxf3 e6 7. Nc3 Nbd7 8. Bd3
Bd6 9. O-O O-O 10. Rd1 Qe7 11. b3 Rfe8 12. Bc2 e5 13. Bd2 e4 14. Qe2 a6 15. c5
Bc7 16. b4 b5 17. a4 Nf8 18. axb5 axb5 19. Nxb5 cxb5 20. Qxb5 Ng6 21. Qf1 Nh4
22. b5 Nd7 23. Rdb1 Ne5 24. Rxa8 Rxa8 25. Bc3 Nc4 26. b6 Bb8 27. Bb3 Qg5 28.
Bxc4 dxc4 29. c6 Bd6 30. Bb4 Bxb4 31. b7 Rf8 32. c7 Nf3+ 33. Kh1 Nd2 34. c8=Q
Nxf1 35. Rxb4 g6 36. b8=Q Rxc8 37. Qxc8+ Kg7 38. Qxc4 Nxe3 39. fxe3 Qxe3 40.
Rb1 1-0

[Event "30. Staufer-Open (A)"]
[Site "?"]
[Date "2018.01.02"]
[Round "2"]
[White "Weiss, Andreas"]
[Black "Antal, Tibor Kende"]
[Result "0-1"]
[WhiteElo "2209"]
[BlackElo "2419"]
[PlyCount "72"]
[EventDate "2018.??.??"]
[WhiteTeam "SG Schwäbisch Gmünd 1872 e.V"]

1. e4 c5 2. Nf3 d6 3. d4 cxd4 4. Nxd4 Nf6 5. Nc3 a6 6. Be3 e5 7. Nb3 Be6 8. f3
h5 9. Qd2 Be7 10. O-O-O Nbd7 11. Kb1 Qc7 12. Nd5 Nxd5 13. exd5 Bf5 14. Qf2 Rc8
15. Bd3 Bxd3 16. Rxd3 f5 17. f4 O-O 18. Rhd1 b5 19. Rc3 Qd8 20. Rxc8 Qxc8 21.
Na5 Bf6 22. Nc6 Qe8 23. Qd2 Qg6 24. g3 Qg4 25. Rf1 Re8 26. a3 h4 27. Qf2 exf4
28. gxf4 h3 29. Rg1 Bh4 30. Qf1 Rxe3 31. Rxg4 fxg4 32. Ka2 Re1 33. Qd3 g3 34.
Ne7+ Rxe7 35. hxg3 h2 36. Qf3 Re1 0-1

[Event "30. Staufer-Open (A)"]
[Site "?"]
[Date "2018.01.02"]
[Round "2"]
[White "Sinz, Bernhard"]
[Black "Pokrupa, Marek"]
[Result "0-1"]
[WhiteElo "2400"]
[BlackElo "2179"]
[PlyCount "78"]
[EventDate "2018.??.??"]
[WhiteTeam "TG Biberach"]
[BlackTeam "ASV Burglengenfeld SAbt"]

1. e4 e6 2. d4 d5 3. Nc3 dxe4 4. Nxe4 Nd7 5. Nf3 Ngf6 6. Bd3 Nxe4 7. Bxe4 Nf6
8. Bg5 Qd6 9. Bxf6 gxf6 10. Qe2 Bd7 11. O-O-O O-O-O 12. c3 f5 13. Bc2 Bg7 14.
Kb1 Bc6 15. Nd2 Bf6 16. f3 Kb8 17. Bb3 b6 18. Nc4 Qf4 19. a4 h5 20. a5 h4 21.
h3 Bb5 22. Qc2 Rhg8 23. Rhe1 Qh2 24. Rd2 Bg5 25. Rf2 Bf4 26. Rd1 Bg3 27. Re2
Bf4 28. Ka2 Rd5 29. axb6 axb6 30. Kb1 Kb7 31. Rf2 Bg3 32. Ne3 Bxf2 33. Bxd5+
exd5 34. Qxf2 Rg3 35. Rd2 Qh1+ 36. Ka2 f4 37. Nf5 Rg8 38. Qxh4 Bc4+ 39. b3 Ra8+
0-1

[Event "30. Staufer-Open (A)"]
[Site "?"]
[Date "2018.01.02"]
[Round "2"]
[White "Jansen, Dirk Norbert"]
[Black "Naumkin, Igor"]
[Result "0-1"]
[WhiteElo "2180"]
[BlackElo "2394"]
[PlyCount "44"]
[EventDate "2018.??.??"]
[WhiteTeam "Schachvereinigung 1920 Plettenbe"]

1. e4 e5 2. Nf3 Nc6 3. Bc4 Bc5 4. c3 Nf6 5. d4 exd4 6. O-O Nxe4 7. cxd4 Bb6 8.
Re1 d5 9. Bxd5 Qxd5 10. Nc3 Qf5 11. Rxe4+ Be6 12. Bg5 h6 13. d5 hxg5 14. dxe6
fxe6 15. h3 O-O 16. Qe2 Rad8 17. Rd1 Rxd1+ 18. Qxd1 Rd8 19. Qc1 Rd3 20. Rg4
Rxf3 21. gxf3 Ne5 22. Rg3 Bxf2+ 0-1

[Event "30. Staufer-Open (A)"]
[Site "?"]
[Date "2018.01.02"]
[Round "2"]
[White "Gassmann, Volker"]
[Black "Skembris, Spyridon"]
[Result "0-1"]
[WhiteElo "2148"]
[BlackElo "2387"]
[Annotator "Doe,John"]
[PlyCount "80"]
[EventDate "2018.??.??"]
[WhiteTeam "Schachfreunde Essen-Katernberg 0"]
[BlackTeam "SC Grunbach"]

1. d4 Nf6 2. c4 c5 3. Nf3 cxd4 4. Nxd4 Nc6 5. Nc3 g6 6. g3 Bg7 7. Bg2 O-O 8.
O-O Qb6 9. Nc2 d6 10. b3 Be6 11. Bd2 Rac8 12. h3 a6 13. Rc1 Qa7 14. Be3 Qb8 15.
a4 Nd7 16. Nd4 Nxd4 17. Bxd4 Bxd4 18. Qxd4 Nc5 19. Rb1 a5 20. h4 Qc7 21. h5 f6
22. hxg6 hxg6 23. Rfd1 Kg7 24. Qe3 Rh8 25. Nd5 Bxd5 26. Rxd5 Rh7 27. b4 axb4
28. Rxb4 Kh8 29. Rd1 Ra8 30. Rdb1 Ra7 31. Qf4 Kg7 32. Bd5 Qd7 33. Qf3 Rxa4 34.
Bxb7 Rxb4 35. Rxb4 Qe6 36. Bd5 Qe5 37. Rb1 f5 38. Kg2 e6 39. Bc6 Kf6 40. Qa3
Qxe2 {Restliche Züge nicht lesbar.} 0-1

[Event "30. Staufer-Open (A)"]
[Site "?"]
[Date "2018.01.02"]
[Round "2"]
[White "Zeller, Frank"]
[Black "Gabriel, Josef"]
[Result "1-0"]
[WhiteElo "2379"]
[BlackElo "2119"]
[PlyCount "91"]
[EventDate "2018.??.??"]
[WhiteTeam "SK Schwäbisch Hall"]
[BlackTeam "Stuttgarter SF 1879"]

1. e4 g6 2. d4 Bg7 3. Nc3 d6 4. Be3 a6 5. h4 h5 6. Qd2 b5 7. O-O-O Nd7 8. Nh3
Nb6 9. Ng5 Rb8 10. b3 c6 11. Bd3 e5 12. dxe5 Bxe5 13. f4 Bg7 14. Be2 Nh6 15.
Bd4 f6 16. Nh3 Nf7 17. f5 Bh6 18. Be3 gxf5 19. Nf4 b4 20. Nb1 fxe4 21. Nxh5 Nd5
22. Bxh6 Rxh6 23. Rhf1 Qb6 24. Rde1 e3 25. Qd1 Ne5 26. g4 Qc5 27. g5 fxg5 28.
hxg5 Rg6 29. Nf6+ Ke7 30. Ne4 Qa5 31. Rf6 Be6 32. Rh1 Rbg8 33. Rxg6 Rxg6 34.
Rh7+ Kf8 35. Qf1+ Kg8 36. Ra7 Qd8 37. Qh1 Nf7 38. Qh5 Nf4 39. Qf3 Nxe2+ 40.
Qxe2 Nxg5 41. Qh5 Bf7 42. Nxg5 Rg7 43. Rxf7 Qxg5 44. Rxg7+ Qxg7 45. Qe8+ Kh7
46. Qxe3 1-0

[Event "30. Staufer-Open (A)"]
[Site "?"]
[Date "2018.01.02"]
[Round "2"]
[White "Schitco, Ivan"]
[Black "Carow, Annelen"]
[Result "1/2-1/2"]
[WhiteElo "2334"]
[BlackElo "2110"]
[PlyCount "84"]
[EventDate "2018.??.??"]
[BlackTeam "Sfr.Heidesheim"]

1. d4 Nf6 2. Nf3 e6 3. Bf4 c5 4. e3 Be7 5. h3 O-O 6. c3 b6 7. Nbd2 d6 8. Bd3
Ba6 9. Qe2 Bxd3 10. Qxd3 Nc6 11. a3 d5 12. Ne5 Nxe5 13. Bxe5 Bd6 14. f4 Ne8 15.
O-O f6 16. Bxd6 Nxd6 17. dxc5 bxc5 18. c4 Nf5 19. cxd5 Qxd5 20. Qxd5 exd5 21.
e4 Ng3 22. Rfe1 Nxe4 23. Nxe4 dxe4 24. Rxe4 Rab8 25. Rc1 Rxb2 26. Rxc5 Rb7 27.
Ra5 Rc8 28. f5 h6 29. Rea4 Rc1+ 30. Kh2 Rcc7 31. Kg3 Rc3+ 32. Kh4 Rb2 33. Rxa7
Rxg2 34. Rg4 Rxg4+ 35. hxg4 Kh7 36. Ra8 Rb3 37. a4 Ra3 38. a5 Rb3 39. a6 Rc3
40. Ra7 Ra3 41. Ra8 Rc3 42. Ra7 Ra3 1/2-1/2

[Event "30. Staufer-Open (A)"]
[Site "?"]
[Date "2018.01.02"]
[Round "2"]
[White "Dette, Jan"]
[Black "Gheng, Josef"]
[Result "0-1"]
[WhiteElo "2061"]
[BlackElo "2334"]
[PlyCount "80"]
[EventDate "2018.??.??"]
[WhiteTeam "Schachfreunde Essen-Katernberg 0"]
[BlackTeam "SK Wernau"]

1. f4 d5 2. Nf3 g6 3. g3 Bg7 4. Bg2 c6 5. c3 Nd7 6. d4 Nh6 7. O-O Nf5 8. e4
dxe4 9. Ng5 Nf6 10. Nxe4 Nxe4 11. Bxe4 h5 12. Na3 Nd6 13. Bf3 Be6 14. Be3 Bd5
15. Re1 Qd7 16. Rc1 Qh3 17. Bf2 Bf6 18. Bxd5 cxd5 19. Qf3 Ne4 20. Qg2 Qd7 21.
Nc2 h4 22. Ne3 hxg3 23. Bxg3 e6 24. Ng4 Bg7 25. Nf2 f5 26. Nd3 O-O-O 27. Re2
Kb8 28. Ne1 Ka8 29. Nf3 Bf6 30. Rcc2 Rdg8 31. h4 Qd8 32. Be1 Qc7 33. Bg3 Rh5
34. Kf1 Rgh8 35. Qg1 Nxg3+ 36. Qxg3 Bxh4 37. Nxh4 Rxh4 38. Rf2 Rh1+ 39. Ke2
Qc4+ 40. Kd2 R8h3 0-1

[Event "30. Staufer-Open (A)"]
[Site "?"]
[Date "2018.01.02"]
[Round "2"]
[White "Schallner, Marc"]
[Black "Buckels, Valentin"]
[Result "0-1"]
[WhiteElo "2047"]
[BlackElo "2332"]
[PlyCount "84"]
[EventDate "2018.??.??"]
[WhiteTeam "SF 59 Kornwestheim"]
[BlackTeam "Schachverein Mülheim-Nord 1931 e"]

1. e4 e5 2. Nf3 Nc6 3. Bc4 Bc5 4. c3 Nf6 5. d3 d6 6. O-O h6 7. Nbd2 O-O 8. h3
a5 9. Bb3 Be6 10. Re1 Re8 11. Ba4 Bd7 12. Nf1 Rb8 13. Ng3 Ba7 14. Be3 Bxe3 15.
fxe3 b5 16. Bc2 Ne7 17. Nh4 g5 18. Nhf5 Nxf5 19. exf5 e4 20. Nxe4 Nxe4 21. dxe4
Bc6 22. Qh5 Qf6 23. Qg4 b4 24. cxb4 Qxb2 25. Rac1 Rxb4 26. Qh5 Qg7 27. Bb3 Bxe4
28. Rxc7 d5 29. f6 Qf8 30. Rec1 a4 31. Bc2 Bxc2 32. R1xc2 Rb1+ 33. Kf2 Rb6 34.
R2c6 Rxc6 35. Rxc6 Qa3 36. e4 Qxa2+ 37. Kg3 Qd2 38. Kh2 Qf4+ 39. Kh1 Qf1+ 40.
Kh2 Qf4+ 41. Kh1 Qf1+ 42. Kh2 Rb8 0-1

[Event "30. Staufer-Open (A)"]
[Site "?"]
[Date "2018.01.02"]
[Round "2"]
[White "Kostic, Vladimir"]
[Black "Wortmann, Klaus-Peter"]
[Result "1-0"]
[WhiteElo "2326"]
[BlackElo "2083"]
[PlyCount "79"]
[EventDate "2018.??.??"]
[WhiteTeam "Schachklub München Südost e.V."]
[BlackTeam "Märkischer Springer Halver-Schal"]

1. Nf3 f5 2. g3 Nf6 3. Bg2 e6 4. d3 Be7 5. Nbd2 d6 6. c3 Nc6 7. b4 O-O 8. b5
Na5 9. O-O Bd7 10. Rb1 a6 11. a4 Qe8 12. c4 e5 13. Nb3 axb5 14. Nxa5 Rxa5 15.
cxb5 c6 16. Bd2 Ra8 17. b6 Qh5 18. a5 Ng4 19. h3 Nh6 20. Bxh6 gxh6 21. Qb3+ Kh8
22. Ra1 Ra6 23. Qb4 Qf7 24. e3 Qg7 25. Rfe1 h5 26. h4 h6 27. Ra2 d5 28. Qb2 Bf6
29. d4 exd4 30. exd4 f4 31. Qd2 fxg3 32. fxg3 Bf5 33. Kh2 Be4 34. Ne5 Rg8 35.
Qf4 Bxg2 36. Kxg2 Raa8 37. Nf7+ Qxf7 38. Qxh6+ Qh7 39. Qxf6+ Qg7 40. Qe5 1-0

[Event "30. Staufer-Open (A)"]
[Site "?"]
[Date "2018.01.02"]
[Round "2"]
[White "Rolf, Marco"]
[Black "Wichmann, Cliff"]
[Result "1/2-1/2"]
[WhiteElo "2045"]
[BlackElo "2314"]
[PlyCount "59"]
[EventDate "2018.??.??"]
[WhiteTeam "SK 1980 Gernsheim"]
[BlackTeam "ESV Nickelhütte Aue"]

1. d4 d5 2. Nf3 Nf6 3. e3 e6 4. Bd3 Bd6 5. O-O Nbd7 6. Nbd2 O-O 7. c4 c6 8. Qc2
e5 9. dxe5 Nxe5 10. Nxe5 Bxe5 11. Nf3 Bd6 12. cxd5 cxd5 13. b3 Bg4 14. Bb2 Rc8
15. Qe2 Bb8 16. h3 Bh5 17. Rfd1 Rc6 18. Ba3 Bd6 19. Bxd6 Qxd6 20. g4 Bg6 21.
Nd4 Rcc8 22. Bf5 Rcd8 23. Rac1 a6 24. Rc2 Rfe8 25. Qf3 Ne4 26. h4 Qe5 27. Kg2
Nd6 28. Bxg6 hxg6 29. Ne2 Ne4 30. Qf4 1/2-1/2

[Event "30. Staufer-Open (A)"]
[Site "?"]
[Date "2018.01.02"]
[Round "2"]
[White "Stefansson, Vignir Vatnar"]
[Black "Kuipers, Dustin"]
[Result "1-0"]
[WhiteElo "2304"]
[BlackElo "2048"]
[PlyCount "51"]
[EventDate "2018.??.??"]
[BlackTeam "Schachverein Mülheim-Nord 1931 e"]

1. Nc3 d5 2. e4 d4 3. Nce2 e5 4. Ng3 Be6 5. Nf3 Nd7 6. d3 f6 7. c3 c5 8. Be2
Bd6 9. O-O Ne7 10. Nh4 O-O 11. Bg4 Bf7 12. Nhf5 Nxf5 13. Nxf5 Bb8 14. Qf3 Kh8
15. Nxg7 Kxg7 16. Bxd7 Qxd7 17. Bh6+ Kxh6 18. Qxf6+ Kh5 19. f3 Be6 20. Qxf8 Kg6
21. g3 Qc8 22. Qe7 Bh3 23. Rf2 Qe6 24. Qh4 h5 25. Kh1 Bd6 26. g4 1-0

[Event "30. Staufer-Open (A)"]
[Site "?"]
[Date "2018.01.02"]
[Round "2"]
[White "Hahn, Markus"]
[Black "Kruse, Janik"]
[Result "1-0"]
[WhiteElo "2282"]
[BlackElo "2046"]
[PlyCount "34"]
[EventDate "2018.??.??"]
[WhiteTeam "Kasseler SK 1876"]
[BlackTeam "LSV Turm Lippstadt"]

1. d4 d5 2. Nf3 c6 3. c4 Nf6 4. Qc2 Bg4 5. Bf4 e6 6. e3 Bf5 7. Qb3 Qb6 8. c5
Qxb3 9. axb3 Nbd7 10. h3 h6 11. Nbd2 g5 12. Bg3 Bg7 13. b4 Ne4 14. Bh2 O-O 15.
Nb3 e5 16. Nxe5 Rfe8 17. f3 Ndf6 1-0

[Event "30. Staufer-Open (A)"]
[Site "?"]
[Date "2018.01.02"]
[Round "2"]
[White "Novikov, Stanislav"]
[Black "Bethke, Richard"]
[Result "1-0"]
[WhiteElo "2540"]
[BlackElo "2127"]
[PlyCount "57"]
[EventDate "2018.??.??"]
[BlackTeam "SF Neuberg"]

1. e4 c5 2. Nf3 d6 3. c3 Nf6 4. Be2 e6 5. O-O Be7 6. Re1 O-O 7. Bf1 Nbd7 8. d4
b6 9. Nbd2 Bb7 10. e5 Nd5 11. Ne4 dxe5 12. dxe5 Qc7 13. h4 Rfd8 14. Qc2 Nf8 15.
h5 f5 16. exf6 Nxf6 17. Nxf6+ Bxf6 18. Qe2 Rd5 19. Nh2 Qf7 20. h6 Bg5 21. Ng4
Bxc1 22. Raxc1 Rad8 23. Rcd1 Ba6 24. Qc2 Bxf1 25. Rxd5 exd5 26. Kxf1 Qh5 27.
Re7 Rd7 28. Rxg7+ Rxg7 29. Nf6+ 1-0

[Event "30. Staufer-Open (A)"]
[Site "?"]
[Date "2018.01.02"]
[Round "2"]
[White "Kraus, Tomas"]
[Black "Richterova, Natasa"]
[Result "1/2-1/2"]
[WhiteElo "2426"]
[BlackElo "2166"]
[PlyCount "120"]
[EventDate "2018.??.??"]
[BlackTeam "SV Medizin Erfurt"]

1. c4 c6 2. e4 d5 3. exd5 cxd5 4. cxd5 Nf6 5. Qa4+ Nbd7 6. Nc3 g6 7. Bc4 Bg7 8.
d3 O-O 9. Nf3 a6 10. Qa3 Nb6 11. Qb3 Nbd7 12. a4 b6 13. O-O Bb7 14. d4 Qc7 15.
Re1 Rac8 16. Bd3 Qd6 17. Qa3 Qxa3 18. Rxa3 Rfd8 19. Bf4 Nxd5 20. Nxd5 Bxd5 21.
Bxa6 Rc2 22. Rc3 Rxb2 23. Rxe7 Bf6 24. Re1 Nc5 25. Bb5 Ne6 26. Be5 Bxe5 27.
dxe5 Bxf3 28. Rxf3 Nd4 29. Rd3 Rxb5 30. axb5 Ne2+ 31. Rxe2 Rxd3 32. f4 Rb3 33.
Kf2 Rxb5 34. Kg3 h6 35. Rd2 Kf8 36. Rd7 Rb3+ 37. Kg4 Rb2 38. Kh3 b5 39. Rb7 Rb4
40. Kg4 Rb2 41. Kg3 Rb3+ 42. Kh4 Rb2 43. Kh3 Rb4 44. Kg3 Rb3+ 45. Kh4 Rb2 46.
Kh3 Rb4 47. g3 Rb2 48. Kg4 Rxh2 49. Rb8+ Kg7 50. Rxb5 Ra2 51. Rb7 Kg8 52. Rb6
Kg7 53. Rf6 Ra4 54. Rb6 Ra7 55. Rb3 Rc7 56. Kf3 h5 57. Ke4 Ra7 58. Rc3 Ra4+ 59.
Kf3 Ra5 60. Rb3 Ra4 1/2-1/2

[Event "30. Staufer-Open (A)"]
[Site "?"]
[Date "2018.01.02"]
[Round "2"]
[White "Held, Carsten"]
[Black "Wenninger, Philipp"]
[Result "0-1"]
[WhiteElo "2099"]
[BlackElo "2349"]
[PlyCount "112"]
[EventDate "2018.??.??"]
[WhiteTeam "SC Ladja Roßdorf"]
[BlackTeam "SC Erlangen 48/88"]

1. Nf3 d5 2. c4 c6 3. e3 Nf6 4. Nc3 e6 5. b3 Nbd7 6. d4 Bd6 7. Be2 O-O 8. O-O
Qe7 9. Bb2 b6 10. Rc1 Bb7 11. Qd3 dxc4 12. Qxc4 e5 13. dxe5 Nxe5 14. Qh4 Ng6
15. Qg5 Qd7 16. Nd4 c5 17. Nf5 h6 18. Bb5 hxg5 19. Bxd7 Bxh2+ 20. Kxh2 Nxd7 21.
Rfd1 Nde5 22. Rd6 Rfd8 23. Rcd1 Rxd6 24. Rxd6 f6 25. f3 Kf8 26. Nb5 Nf7 27. Rd2
Bc8 28. Nfd6 Nxd6 29. Rxd6 Ke7 30. Rd2 Bd7 31. Nd6 Rh8+ 32. Kg3 Be6 33. Bc3 a6
34. b4 Rb8 35. Ne4 Bf5 36. Nd6 Bd7 37. bxc5 bxc5 38. Ne4 c4 39. Nd6 Be6 40. Rd4
Ne5 41. f4 gxf4+ 42. exf4 Nc6 43. Rd2 Rb1 44. f5 Bd7 45. Nxc4 Bxf5 46. Ne3 Be6
47. Bb2 Kf7 48. a3 a5 49. Kf2 a4 50. Nd1 Bb3 51. Nc3 Rh1 52. Rd7+ Ke6 53. Rxg7
Ne5 54. Rb7 Nd3+ 55. Kg3 Nxb2 56. Nxa4 Bxa4 0-1